Karl Richard Lepsius (1810-1884) : Akten der Tagung anlässlich seines 100. Todestages, 10.-12.7.1984 in Halle /

محفوظ في:

مؤلف مشترك: Akademie der Wissenschaften der DDR. Zentralinstitut für Alt Geschichte und Archäologie.

مؤلفون آخرون: Freier, Elke, Reineke, Walter F.

التنسيق: كتاب

اللغة: German
English
French

منشور في: Berlin : Akademie-Verlag, 1988.

سلاسل: Schriften zur Geschichte und Kultur des alten Orients ; 20.
SGKAO ; 20.

الموضوعات:

الوسوم: إضافة وسم

لا توجد وسوم, كن أول من يضع وسما على هذه التسجيلة!

رقم الطلب: PJ1064 .L4 K37 1988

LEADER 01522nam a22003617a 4500
003 OSt
005 20251013112706.0
008 251013t1988 gw af g b 100 0dger d
020 |a 3050005742 
040 |c ARCE Library 
041 0 |a ger  |a eng  |a fre 
043 |a f-ua--- 
050 1 4 |a PJ1064 .L4  |b K37 1988 
245 0 0 |a Karl Richard Lepsius (1810-1884) :   |b Akten der Tagung anlässlich seines 100. Todestages, 10.-12.7.1984 in Halle /   |c herausgegeben von Elke Freier und Walter F. Reineke. 
264 1 |a Berlin :   |b Akademie-Verlag,   |c 1988. 
300 |a 334 pages, 49 unnumbered pages of plates :   |b illustrations ;   |c 24 cm. 
490 1 |a Schriften zur Geschichte und Kultur des alten Orients,   |x 0080-6994 ;   |v 20. 
490 1 |a SGKAO ;   |v 20. 
500 |a At head of title : Akademie der Wissenschaften der DDR. Zentralinstitut für Alte Geschichte und Archäologie. 
504 |a Includes bibliographical references. 
546 |a Contributions in English, French, and German. 
555 |a shimaa 
600 1 0 |a Lepsius, Richard,  |d 1810-1884  |v Congresses.  |9 34680 
611 2 0 |a Lepsius-Expedition (1842-1845)  |v Congresses. 
651 0 |a Egypt  |x Antiquities  |v Congresses. 
700 1 |a Freier, Elke,   |9 30284 
700 1 |a Reineke, Walter F. 
710 2 |a Akademie der Wissenschaften der DDR.  |b Zentralinstitut für Alt Geschichte und Archäologie. 
830 0 |a Schriften zur Geschichte und Kultur des alten Orients ;   |v 20.  
830 0 |a SGKAO ;   |v 20. 
901 |a reviewed 
942 |c BK  |2 lcc 
999 |c 24327  |d 24327